Phineas and Ferb, the Quiz - Statistics

General Stats
  • This quiz has been taken 25 times
    20 since last reset
  • The average score is 20 of 42
Answer Stats
Hint Answer % Correct
Ferb
100%
Flynn Phineas
100%
Candace
93%
Animals Perry
93%
Doofinshirtz Heinz
87%
Johnson Jeremy
87%
Linda
87%
Vanessa
87%
Baljeet
80%
Buford
80%
Iron Man
73%
Other kids Isabella
73%
Lawrence
73%
Superheroes(Mission Marvel) Spiderman
73%
Thor
67%
Thor
67%
Hulk
60%
Suzie
53%
Peter
47%
Plants Planty
47%
Stacy
47%
Darth Vader
40%
R2-D2
40%
Villains(Mission Marvel) Red Skull
40%
Roger
40%
Chewbacca
33%
Leia
33%
Han Solo
27%
Thaddeus
27%
Venom
27%
Carl
20%
MODOK
20%
Obi Wan Kenobi
20%
Whiplash
20%
Other adults Monogram
13%
Monty
13%
C3P0
7%
Characters(Star Wars) Darthinshmirtz
7%
Fido
7%
Gnu
7%
Hologram
7%
Twi'lek
7%
No matching quizzes found
Score Distribution
Percent of People with Each Score
Percentile by Number Answered
Your Score History
You have not taken this quiz since the last reset